EXPLOSIVES AND BLASTING TECHNIQUES (Record no. 5654)

MARC details
000 -LEADER
fixed length control field 00372nam a22001457a 4500
005 - DATE AND TIME OF LATEST TRANSACTION
control field 20210907122835.0
008 - FIXED-LENGTH DATA ELEMENTS--GENERAL INFORMATION
fixed length control field 171205b xxu||||| |||| 00| 0 eng d
041 ## - LANGUAGE CODE
Language code of text/sound track or separate title eng
082 ## - DEWEY DECIMAL CLASSIFICATION NUMBER
Classification number 622.23
100 ## - MAIN ENTRY--AUTHOR NAME
Personal name PRADHAN, GYANINDRA KUMAR
245 ## - TITLE STATEMENT
Title EXPLOSIVES AND BLASTING TECHNIQUES
260 ## - PUBLICATION, DISTRIBUTION, ETC. (IMPRINT)
Place of publication BHUBANESWAR
Name of publisher MINTECH PUBLICATION
Year of publication 2001
300 ## - PHYSICAL DESCRIPTION
Number of Pages 386p,
942 ## - ADDED ENTRY ELEMENTS (KOHA)
Koha item type Books
Holdings
Lost status Damaged status Collection code Home library Current library Shelving location Date acquired Source of acquisition Cost, normal purchase price Full call number Accession Number Koha item type
    MINING JRU Library JRU Library SHELF-100-A 05/12/2017 PURCHESS 400.00 622.23 22250 Books
    MINING JRU Library JRU Library SHELF-100-A 05/12/2017 PURCHESS 400.00 622.23 22251 Books